Информационные технологии в коммерческом банке; Информационные технологии в науке, управлении, социальной сфере и медицине; Ч. 2
| Parent link: | Информационные технологии в науке, управлении, социальной сфере и медицине: сборник научных трудов Международной конференции с международным участием , 29 апреля - 2 мая 2014 г., Томск/ Национальный исследовательский Томский политехнический университет (ТПУ).— , 2014 Ч. 2.— 2014.— [С. 135-139] |
|---|---|
| Collectivité auteur: | |
| Autres auteurs: | , , , |
| Résumé: | Заглавие с титульного экрана This article deals with information technologies used in modern commercial banks. The report discloses the main definitions and classification of the latest bank information technologies. On the basis of statistical data analysis and conclusions for each type of new information technologies used in Russian commercial banks are formulated. Also there are identified the main problems of the mentioned technologies implementation. |
| Langue: | russe |
| Publié: |
2014
|
| Collection: | Информационные технологии в финансовой сфере и маркетинге |
| Sujets: | |
| Accès en ligne: | http://www.lib.tpu.ru/fulltext/c/2014/C24/V2/056.pdf |
| Format: | MixedMaterials Électronique Chapitre de livre |
| KOHA link: | https://koha.lib.tpu.ru/cgi-bin/koha/opac-detail.pl?biblionumber=608106 |
MARC
| LEADER | 00000naa2a2200000 4500 | ||
|---|---|---|---|
| 001 | 608106 | ||
| 005 | 20260317133917.0 | ||
| 035 | |a (RuTPU)RU\TPU\conf\5536 | ||
| 035 | |a RU\TPU\conf\5534 | ||
| 090 | |a 608106 | ||
| 100 | |a 20140916d2014 k y0rusy50 ca | ||
| 101 | 0 | |a rus | |
| 102 | |a RU | ||
| 135 | |a drcn ---uucaa | ||
| 181 | 0 | |a i | |
| 182 | 0 | |a b | |
| 200 | 1 | |a Информационные технологии в коммерческом банке |d Informational technologies in the commercial bank |f О. А. Кобзева [и др.] | |
| 203 | |a Текст |c электронный | ||
| 225 | 1 | |a Информационные технологии в финансовой сфере и маркетинге | |
| 300 | |a Заглавие с титульного экрана | ||
| 320 | |a [Библиогр.: с. 139 (7 назв.)] | ||
| 330 | |a This article deals with information technologies used in modern commercial banks. The report discloses the main definitions and classification of the latest bank information technologies. On the basis of statistical data analysis and conclusions for each type of new information technologies used in Russian commercial banks are formulated. Also there are identified the main problems of the mentioned technologies implementation. | ||
| 337 | |a Adobe Reader | ||
| 461 | 1 | |0 (RuTPU)RU\TPU\conf\4263 |t Информационные технологии в науке, управлении, социальной сфере и медицине |o сборник научных трудов Международной конференции с международным участием , 29 апреля - 2 мая 2014 г., Томск |o в 2 ч. |f Национальный исследовательский Томский политехнический университет (ТПУ) |d 2014 | |
| 463 | 1 | |0 (RuTPU)RU\TPU\conf\4265 |t Ч. 2 |v [С. 135-139] |d 2014 | |
| 510 | 1 | |a Informational technologies in the commercial bank |z eng | |
| 610 | 1 | |a труды учёных ТПУ | |
| 610 | 1 | |a электронный ресурс | |
| 610 | 1 | |a информационные технологии | |
| 610 | 1 | |a коммерческие банки | |
| 610 | 1 | |a банковские технологии | |
| 610 | 1 | |a денежные переводы | |
| 610 | 1 | |a интернет-банкинг | |
| 701 | 1 | |a Кобзева |b О. А. | |
| 701 | 1 | |a Субботина |b К. Е. | |
| 701 | 1 | |a Пурэвсурэн |b О. | |
| 701 | 1 | |a Спицын |b В. В. |c экономист |c доцент Томского политехнического университета, кандидат экономических наук |f 1976- |g Владислав Владимирович |3 (RuTPU)RU\TPU\pers\22756 |9 9787 | |
| 712 | 0 | 2 | |a Национальный исследовательский Томский политехнический университет (ТПУ) |b Институт социально-гуманитарных технологий (ИСГТ) |b Кафедра менеджмента (МЕН) |3 (RuTPU)RU\TPU\col\18855 |
| 801 | 2 | |a RU |b 63413507 |c 20140916 |g RCR | |
| 856 | 4 | |u http://www.lib.tpu.ru/fulltext/c/2014/C24/V2/056.pdf | |
| 942 | |c BK | ||